[Event "Prague Open"]
[Site "Prague CZE"]
[Date "1989.??.??"]
[Round "4"]
[White "Orsag, Milan"]
[Black "Vaulin, Alexander"]
[Result "0-1"]
[WhiteElo "2300"]
[BlackElo "2370"]
[PlyCount "142"]
[EventDate "1989.??.??"]
[Source "www.chesslib.no"]
[SourceDate "2004.05.04"]

1. d4 Nf6 2. c4 c5 3. d5 g6 4. Nc3 Bg7 5. e4 d6 6. f4 O-O 7. Nf3 e6 8. Be2 exd5 9. exd5 Bf5 10. O-O Re8 11. Bd3 Ne4 12. Nxe4 Bxe4 13. Bxe4 Rxe4 14. Ng5 Rxc4 15. Qe2 Rxc1 16. Raxc1 Nd7 17. b3 Nf6 18. f5 Qe8 19. Qf3 Qe5 20. Rcd1 Re8 21. h4 Qe3+ 22. Kh1 Qxf3 23. Rxf3 Re5 24. fxg6 hxg6 25. Rdf1 Ne4 26. Nxe4 Rxe4 27. g3 Re7 28. Kg2 Bd4 29. a4 b6 30. Kh3 Kg7 31. g4 a6 32. g5 b5 33. Rf4 Be5 34. Re4 Rb7 35. Rf3 Rc7 36. Rf2 c4 37. Rc2 c3 38. axb5 axb5 39. b4 Kf8 40. Kg4 Ra7 41. Re1 Ra3 42. Rb1 Kg7 43. Kf3 f6 44. gxf6+ Bxf6 45. Kg4 Ra8 46. Rf1 Rc8 47. Rf4 Be5 48. Re4 Kh6 49. h5 gxh5+ 50. Kf5 Re8 51. Re3 h4 52. Rexc3 Rf8+ 53. Ke6 Rf6+ 54. Ke7 Bxc3 55. Rxc3 Kg5 56. Re3 Rh6 57. Rh3 Kg4 58. Rh1 Kf5 59. Kd7 Ke5 60. Kc6 h3 61. Kxb5 Kxd5 62. Kb6 Kc4 63. b5 d5+ 64. Ka5 h2 65. b6 d4 66. b7 Rh8 67. Kb6 d3 68. Rc1+ Kd4 69. Rh1 Ke4 70. Kc5 d2 71. Kc6 Rb8 0-1

[Event "Palic DDOR"]
[Site "?"]
[Date "1999.10.26"]
[Round "5"]
[White "Karaklajic Nikola"]
[Black "Sedlak Nikola"]
[Result "1/2-1/2"]
[WhiteElo "2378"]
[BlackElo "2284"]
[PlyCount "72"]
[EventDate "1999.??.??"]
[Source "www.chesslib.no"]
[SourceDate "2004.05.04"]

1. d4 Nf6 2. c4 g6 3. Nc3 Bg7 4. e4 d6 5. Be2 O-O 6. f4 c5 7. d5 e6 8. Nf3 exd5 9. exd5 Re8 10. O-O Na6 11. Bd3 Ng4 12. h3 Nh6 13. g4 f5 14. g5 Bxc3 15. bxc3 Nf7 16. Bd2 Nc7 17. Rb1 b5 18. Re1 Bb7 19. a4 a6 20. Qc2 Rb8 21. Qa2 bxc4 22. Bxc4 Rxe1+ 23. Nxe1 Ba8 24. Rxb8 Qxb8 25. Ng2 Qe8 26. Bb3 c4 27. Bxc4 Qe4 28. Qb3 Bxd5 29. Bxd5 Nxd5 30. c4 Qd4+ 31. Kh2 Qxd2 32. cxd5 Kg7 33. Qc4 a5 34. Kg3 Kg8 35. Qb3 Kg7 36. h4 Kg8 1/2-1/2

[Event "HUN-ch"]
[Site "HUN"]
[Date "1973.??.??"]
[Round "?"]
[White "Gasztonyi, Endre"]
[Black "Sax, Gyula"]
[Result "0-1"]
[WhiteElo "2200"]
[BlackElo "2460"]
[PlyCount "42"]
[EventDate "1973.??.??"]
[Source "ChessBase"]

1. d4 g6 2. c4 Nf6 3. Nc3 Bg7 4. e4 d6 5. Be2 O-O 6. f4 c5 7. d5 b5 8. cxb5 a6 9. bxa6 Qa5 10. Bd2 Bxa6 11. e5 Nfd7 12. e6 Nb6 13. exf7+ Rxf7 14. Bg4 Nc4 15. Qc2 Qb4 16. Be6 Nxb2 17. Nge2 Bd3 18. Qc1 Bxe2 19. Nxe2 Nd3+ 20. Kf1 Nxc1 21. Bxb4 Bxa1 0-1

[Event "Bad Woerishofen op 14th"]
[Site "?"]
[Date "1998.??.??"]
[Round "7"]
[White "Mahn Franko"]
[Black "Paehtz Thomas Sr"]
[Result "0-1"]
[WhiteElo "2190"]
[BlackElo "2470"]
[PlyCount "76"]
[EventDate "1998.??.??"]
[Source "www.chesslib.no"]
[SourceDate "2004.05.04"]

1. d4 Nf6 2. c4 g6 3. Nc3 Bg7 4. e4 d6 5. f4 O-O 6. Nf3 c5 7. d5 e6 8. Be2 exd5 9. exd5 Bf5 10. O-O Ne4 11. Nxe4 Bxe4 12. Ng5 Re8 13. f5 Bxf5 14. Bd3 Bxd3 15. Qxd3 Bf6 16. Ne4 Bd4+ 17. Kh1 f5 18. Ng5 Nd7 19. Ne6 Ne5 20. Qg3 Rxe6 21. dxe6 Qf6 22. Bg5 Qxe6 23. Rab1 Qxc4 24. b3 Qd3 25. Bf4 Qxg3 26. Bxg3 a5 27. h3 Kf7 28. Bf4 Ke6 29. Rfe1 b5 30. Kh2 b4 31. Be3 Bc3 32. Re2 a4 33. Kg3 axb3 34. axb3 Kd5 35. Rd1+ Kc6 36. Bf4 Ra3 37. Rb1 c4 38. Kh2 Rxb3 0-1

[Event "USA Ch U18"]
[Site "New York, NY USA"]
[Date "1993.??.??"]
[Round "?"]
[White "Tsemekhman, Vadim"]
[Black "Manion, Josh"]
[Result "1/2-1/2"]
[WhiteElo "2350"]
[BlackElo "2310"]
[PlyCount "45"]
[EventDate "1993.??.??"]
[Source "www.chesslib.no"]
[SourceDate "2004.05.04"]

1. d4 Nf6 2. c4 g6 3. Nc3 Bg7 4. e4 d6 5. f4 O-O 6. Nf3 c5 7. d5 e6 8. Be2 exd5 9. exd5 Re8 10. O-O Bf5 11. Bd3 Ne4 12. Nxe4 Bxe4 13. Bxe4 Rxe4 14. Qd3 Qe7 15. f5 Nd7 16. fxg6 hxg6 17. Ng5 Re1 18. Bd2 Rxa1 19. Rxa1 Re8 20. Qg3 Bd4+ 21. Kh1 Qf6 22. Qh3 Nf8 23. Qf3 1/2-1/2

[Event "6. Open"]
[Site "?"]
[Date "2003.12.10"]
[Round "4"]
[White "Abdel Razik Khaled"]
[Black "Hassan Tarek Ahmed"]
[Result "1-0"]
[WhiteElo "2380"]
[BlackElo "2278"]
[PlyCount "85"]
[EventDate "2003.??.??"]
[Source "www.chesslib.no"]
[SourceDate "2004.05.04"]

1. d4 Nf6 2. c4 g6 3. Nc3 Bg7 4. e4 d6 5. f4 O-O 6. Nf3 c5 7. d5 e6 8. Be2 exd5 9. exd5 Bg4 10. O-O Nbd7 11. Bd3 Re8 12. Bd2 a6 13. Qc2 Bxf3 14. Rxf3 Qc7 15. a4 b6 16. h3 Re7 17. Raf1 Rae8 18. g4 h6 19. g5 hxg5 20. fxg5 Nh7 21. Rxf7 Rxf7 22. Rxf7 Kxf7 23. Bxg6+ Kg8 24. Bxe8 Ne5 25. Bg6 Nxg5 26. Bxg5 Nf3+ 27. Kf1 Nxg5 28. Qf5 Qe7 29. h4 Nf7 30. Bxf7+ Qxf7 31. Qxf7+ Kxf7 32. Ne4 Bf8 33. Kf2 Kg6 34. Kf3 Kf5 35. h5 Ke5 36. Ng5 Kf5 37. Ne6 Bh6 38. Nc7 Kg5 39. Ke4 Kxh5 40. Kf5 Bc1 41. b3 a5 42. Ne8 b5 43. axb5 1-0

[Event "8th Open, Nice FRA"]
[Site "?"]
[Date "2001.??.??"]
[Round "6"]
[White "Dobos, J."]
[Black "Etchegaray, P."]
[Result "1-0"]
[WhiteElo "2305"]
[BlackElo "2350"]
[PlyCount "73"]
[EventDate "2001.??.??"]
[Source "www.chesslib.no"]
[SourceDate "2004.05.04"]

1. c4 g6 2. e4 Bg7 3. d4 d6 4. Nc3 Nf6 5. f4 O-O 6. Nf3 c5 7. d5 e6 8. Be2 exd5 9. exd5 b5 10. Nxb5 Ne4 11. O-O a6 12. Nc3 Nxc3 13. bxc3 Bxc3 14. Rb1 Nd7 15. Bd3 Bg7 16. Bb2 Bxb2 17. Rxb2 Qf6 18. Qd2 Re8 19. Rbb1 Nf8 20. h3 h5 21. Kh1 Bf5 22. Bxf5 Qxf5 23. Rb6 Qf6 24. Ng5 Re7 25. a4 Rae8 26. Qb2 Qxb2 27. Rxb2 f6 28. Nf3 Re4 29. Rc1 Rxf4 30. Rb6 Rd8 31. Rxa6 g5 32. Kh2 Ng6 33. Kg3 Rb8 34. Rxd6 g4 35. hxg4 hxg4 36. Nd2 Rb2 37. Rxf6 1-0

[Event "Moscow2"]
[Site "Moscow"]
[Date "1991.??.??"]
[Round "?"]
[White "Iashvili, Akaki"]
[Black "Cybulak, Adam"]
[Result "1-0"]
[WhiteElo "2390"]
[BlackElo "2265"]
[PlyCount "62"]
[EventDate "1991.??.??"]
[Source "ChessBase"]

1. d4 Nf6 2. c4 g6 3. Nc3 Bg7 4. e4 d6 5. f4 O-O 6. Nf3 c5 7. d5 e6 8. dxe6 fxe6 9. Be2 Nc6 10. O-O a6 11. Kh1 b6 12. Qd3 Ra7 13. Bd2 Nb4 14. Qb1 d5 15. a3 Nc6 16. e5 Ne8 17. b4 dxc4 18. bxc5 b5 19. Ne4 Nd4 20. Nxd4 Qxd4 21. Bf3 Bb7 22. Rd1 Bxe4 23. Qxe4 Qxc5 24. Be3 Qc7 25. a4 bxa4 26. Rxa4 g5 27. Rxc4 Qe7 28. Bxa7 Qxa7 29. fxg5 Rf7 30. Rc8 Re7 31. g6 hxg6 1-0